LEADER 01652oam 2200445 a 450 001 9910701368603321 005 20141125164944.0 035 $a(CKB)5470000002417380 035 $a(OCoLC)794596428$z(OCoLC)822263774 035 $a(EXLCZ)995470000002417380 100 $a20120601d2012 ua 0 101 0 $aeng 135 $aurmn||||||||| 181 $ctxt$2rdacontent 182 $cc$2rdamedia 183 $acr$2rdacarrier 200 10$aModeling wind adjustment factor and midflame wind speed for Rothermel's surface fire spread model /$fPatricia L. Andrews 210 1$aFort Collins, CO :$cU.S. Dept. of Agriculture, Forest Service, Rocky Mountain Research Station,$d[2012] 215 $a1 online resource (39 pages) $ccolor illustrations 225 1 $aGeneral technical report RMRS ;$vGTR-266 300 $aTitle from title screen (viewed on June 1, 2012). 300 $a"January 2012." 320 $aIncludes bibliographical references (pages 38-39). 606 $aWinds$xSpeed$xMeasurement$xMathematical models 606 $aWildfires 606 $aWildfires$2fast 606 $aWinds$xSpeed$xMeasurement$xMathematical models$2fast 615 0$aWinds$xSpeed$xMeasurement$xMathematical models. 615 0$aWildfires. 615 7$aWildfires. 615 7$aWinds$xSpeed$xMeasurement$xMathematical models. 700 $aAndrews$b Patricia L$0440565 801 0$bGPO 801 1$bGPO 801 2$bOCLCF 801 2$bGPO 906 $aBOOK 912 $a9910701368603321 996 $aModeling wind adjustment factor and midflame wind speed for Rothermel's surface fire spread model$93499068 997 $aUNINA